Argentine Footballers A-Z - Statistics

General Stats
  • This quiz has been taken 238 times
    138 since last reset
  • The average score is 14 of 28
Answer Stats
Letter Hint Player % Correct
M Won a record eight Ballon d'Or awards Lionel Messi
92%
A Striker who played for Manchester City from 2011 to 2021 Sergio Agüero
89%
M One of the two joint winners of the FIFA Player of the 20th Century award Diego Maradona
87%
D Right winger who played for Real Madrid, Manchester United and PSG Ángel Di María
77%
H Striker who played for Real Madrid, Napoli and Juventus Gonzalo Higuaín
76%
O Defender who won the 2022 FIFA World Cup Nicolás Otamendi
76%
Z Right Wing-back who played for Inter Milan from 1995 to 2014 Javier Zanetti
74%
S Midfielder and later manager of Atlético Madrid since 2011 Diego Simeone
73%
B Striker who played for Fiorentina and Roma from 1991 to 2003 Gabriel Batistuta
73%
T Striker who played for Boca Juniors, Manchester City and Juventus Carlos Tevez
68%
C Striker who played for Parma, Lazio, Inter and Chelsea Hernán Crespo
63%
V Midfielder who played for Sampdoria, Parma, Lazio and Manchester United Juan Verón
60%
K Top goal scorer of the 1978 FIFA World Cup Mario Kempes
59%
M Second most capped player in the country's history Javier Mascherano
54%
P Captain of the national team that won the 1978 FIFA World Cup Daniel Passarella
51%
R Most capped goalkeeper in the history of the Argentina national team Sergio Romero
51%
A Centre back who played for Napoli, Valencia and Real Zaragoza Roberto Ayala
39%
B Midfielder who scored the winning goal in the final of the 1986 FIFA World Cup Jorge Burruchaga
36%
O Attacking midfielder who played for Valencia, Sampdoria, Parma and River Plate Ariel Ortega
29%
V Striker who scored four goals at the 1986 FIFA World Cup Jorge Valdano
29%
R Defender who won the 1986 FIFA World Cup Oscar Ruggeri
28%
L Forward best known for his spells with Valencia and Lazio Claudio López
27%
F Goalkeeper of the national team that won the 1978 FIFA World Cup Ubaldo Fillol
26%
C Forward or winger who played for Atalanta, Roma, Benfica and Boca Juniors Claudio Caniggia
25%
G Best goalkeeper of the 1990 FIFA World Cup Sergio Goycochea
24%
S Centre-back or defensive midfielder who played for Udinese, Parma and Lazio Roberto Sensini
18%
T Left-back that won the 1978 FIFA World Cup Alberto Tarantini
17%
I Starting goalkeeper for Argentina during the 1994 FIFA World Cup Luis Islas
15%
No matching quizzes found
Score Distribution
Percent of People with Each Score
Percentile by Number Answered
Your Score History
You have not taken this quiz since the last reset